<?xml version="1.0" encoding="UTF-8"?>
<record
    xmlns:xsi="http://www.w3.org/2001/XMLSchema-instance"
    xsi:schemaLocation="http://www.loc.gov/MARC21/slim http://www.loc.gov/standards/marcxml/schema/MARC21slim.xsd"
    xmlns="http://www.loc.gov/MARC21/slim">

  <leader>01092nam0a22002771  4500</leader>
  <controlfield tag="001">rc\2116756</controlfield>
  <controlfield tag="005">20260406135255.0</controlfield>
  <datafield tag="035" ind1=" " ind2=" ">
    <subfield code="a">(NLR Aleph) 006697668</subfield>
  </datafield>
  <datafield tag="090" ind1=" " ind2=" ">
    <subfield code="a">5211174</subfield>
    <subfield code="c">5211174</subfield>
  </datafield>
  <datafield tag="100" ind1=" " ind2=" ">
    <subfield code="a">20110829d1979    |||y0rusy50      ca</subfield>
  </datafield>
  <datafield tag="101" ind1="0" ind2=" ">
    <subfield code="a">rus</subfield>
  </datafield>
  <datafield tag="102" ind1=" " ind2=" ">
    <subfield code="a">RU</subfield>
  </datafield>
  <datafield tag="105" ind1=" " ind2=" ">
    <subfield code="a">y   z   |||||</subfield>
  </datafield>
  <datafield tag="200" ind1="1" ind2=" ">
    <subfield code="a">&#x410;&#x433;&#x440;&#x43E;&#x442;&#x435;&#x445;&#x43D;&#x438;&#x447;&#x435;&#x441;&#x43A;&#x438;&#x435; &#x438; &#x445;&#x438;&#x43C;&#x438;&#x447;&#x435;&#x441;&#x43A;&#x438;&#x435; &#x43F;&#x440;&#x438;&#x435;&#x43C;&#x44B; &#x431;&#x43E;&#x440;&#x44C;&#x431;&#x44B; &#x441; &#x441;&#x43E;&#x440;&#x43D;&#x44F;&#x43A;&#x430;&#x43C;&#x438; &#x43F;&#x440;&#x438; &#x432;&#x43E;&#x437;&#x434;&#x435;&#x43B;&#x44B;&#x432;&#x430;&#x43D;&#x438;&#x438; &#x43A;&#x443;&#x43A;&#x443;&#x440;&#x443;&#x437;&#x44B;</subfield>
    <subfield code="e">(&#x421;&#x431;. &#x441;&#x442;&#x430;&#x442;&#x435;&#x439;)</subfield>
    <subfield code="f">&#x412;&#x410;&#x421;&#x425;&#x41D;&#x418;&#x41B;, &#x412;&#x41D;&#x418;&#x418; &#x43A;&#x443;&#x43A;&#x443;&#x440;&#x443;&#x437;&#x44B;</subfield>
    <subfield code="g">[&#x420;&#x435;&#x434;&#x43A;&#x43E;&#x43B;.: &#x412;.&#x421;. &#x426;&#x438;&#x43A;&#x43E;&#x432; (&#x433;&#x43B;. &#x440;&#x435;&#x434;.) &#x438; &#x434;&#x440;.]</subfield>
  </datafield>
  <datafield tag="210" ind1=" " ind2=" ">
    <subfield code="a">&#x414;&#x43D;&#x435;&#x43F;&#x440;&#x43E;&#x43F;&#x435;&#x442;&#x440;&#x43E;&#x432;&#x441;&#x43A;</subfield>
    <subfield code="c">&#x412;&#x41D;&#x418;&#x418; &#x43A;&#x443;&#x43A;&#x443;&#x440;&#x443;&#x437;&#x44B;</subfield>
    <subfield code="d">1979</subfield>
  </datafield>
  <datafield tag="215" ind1=" " ind2=" ">
    <subfield code="a">69 &#x441;.</subfield>
    <subfield code="d">21</subfield>
  </datafield>
  <datafield tag="606" ind1=" " ind2=" ">
    <subfield code="a">&#x41A;&#x443;&#x43A;&#x443;&#x440;&#x443;&#x437;&#x430;</subfield>
    <subfield code="x">&#x421;&#x43E;&#x440;&#x43D;&#x44F;&#x43A;&#x438;</subfield>
    <subfield code="y">&#x423;&#x421;&#x421;&#x420;</subfield>
    <subfield code="2">psbo</subfield>
  </datafield>
  <datafield tag="702" ind1=" " ind2="1">
    <subfield code="a">&#x426;&#x438;&#x43A;&#x43E;&#x432;</subfield>
    <subfield code="b">&#x412;.&#x421;.</subfield>
    <subfield code="4">340</subfield>
  </datafield>
  <datafield tag="712" ind1="0" ind2="2">
    <subfield code="a">&#x412;&#x41D;&#x418;&#x418; &#x43A;&#x443;&#x43A;&#x443;&#x440;&#x443;&#x437;&#x44B;</subfield>
    <subfield code="c">&#x414;&#x43D;&#x435;&#x43F;&#x440;&#x43E;&#x43F;&#x435;&#x442;&#x440;&#x43E;&#x432;&#x441;&#x43A;</subfield>
    <subfield code="3">RU\NLR\AUTH\889918243</subfield>
    <subfield code="9">332606</subfield>
  </datafield>
  <datafield tag="801" ind1=" " ind2="0">
    <subfield code="a">RU</subfield>
    <subfield code="b">NLR</subfield>
    <subfield code="g">psbo</subfield>
  </datafield>
  <datafield tag="801" ind1=" " ind2="1">
    <subfield code="a">RU</subfield>
    <subfield code="b">ELAR</subfield>
    <subfield code="2">rusmarc</subfield>
  </datafield>
  <datafield tag="852" ind1=" " ind2=" ">
    <subfield code="a">NLR</subfield>
    <subfield code="j">80-6/3576</subfield>
  </datafield>
  <datafield tag="899" ind1=" " ind2=" ">
    <subfield code="a">RuMoRGB</subfield>
    <subfield code="j">&#x411; 80-13/263</subfield>
  </datafield>
  <datafield tag="899" ind1=" " ind2=" ">
    <subfield code="a">RuMoRGB</subfield>
    <subfield code="j">&#x411; 80-13/264</subfield>
  </datafield>
  <datafield tag="942" ind1=" " ind2=" ">
    <subfield code="c">BOOK</subfield>
  </datafield>
  <datafield tag="980" ind1=" " ind2=" ">
    <subfield code="a">NB</subfield>
  </datafield>
  <datafield tag="995" ind1=" " ind2=" ">
    <subfield code="5">2013-10-26</subfield>
    <subfield code="b">NLR01</subfield>
    <subfield code="c">NLR01</subfield>
    <subfield code="e">RF9</subfield>
    <subfield code="f">6697668-20</subfield>
    <subfield code="k">80-6/3576</subfield>
    <subfield code="o">0</subfield>
    <subfield code="r">BOOK</subfield>
    <subfield code="s">8063576_</subfield>
  </datafield>
</record>
